[Event "FRA-chT2"]
[Site "France"]
[Date "2002.01.??"]
[Round "6"]
[White "Ippolito, Manuel"]
[Black "Saint Denis, Pierre Olivier"]
[Result "0-1"]
[WhiteElo "2289"]
[BlackElo "2170"]
[PlyCount "82"]
[EventDate "2002.??.??"]
[EventType "team"]
[EventRounds "11"]
[EventCountry "FRA"]
[SourceTitle "EXT 2003"]
[Source "ChessBase"]
[SourceDate "2002.11.25"]
[SourceVersion "1"]
[SourceVersionDate "2002.11.25"]
[SourceQuality "1"]

1. e4 c6 2. d4 d5 3. f3 e6 4. Nc3 Nf6 5. Bf4 Be7 6. Qd3 a6 7. Nge2 b5 8. a4 b4 9. Nd1 a5 10. Nf2 Ba6 11. Qe3 Nbd7 12. e5 Nh5 13. g4 Nxf4 14. Nxf4 Bxf1 15. Kxf1 c5 16. c3 bxc3 17. bxc3 Rb8 18. Kg2 Qc7 19. Rhb1 0-0 20. Qe2 Qc6 21. Rb5 cxd4 22. cxd4 Bb4 23. Rxb8 Rxb8 24. Qd1 Nb6 25. N2d3 Nc4 26. Kh3 Qb6 27. Ne2 Be7 28. Ndc1 f6 29. f4 fxe5 30. fxe5 Rf8 31. Qd3 Qb4 32. Rb1 Qe1 33. Ng3 Nd2 34. Rb7 Bg5 35. Nce2 Ne4 36. Qa6 Bd8 37. Qxe6+ Kh8 38. Qxd5 Ng5+ 39. Kh4 Ne4+ 40. Kh5 g6+ 41. Kh6 Bg5# 0-1

[Event "FRA-chT2"]
[Site "France"]
[Date "2002.01.??"]
[Round "5"]
[White "Saint Denis, Pierre Olivier"]
[Black "Marx, Nicolas"]
[Result "1/2-1/2"]
[WhiteElo "2170"]
[BlackElo "2089"]
[PlyCount "52"]
[EventDate "2002.??.??"]
[EventType "team"]
[EventRounds "11"]
[EventCountry "FRA"]
[SourceTitle "EXT 2003"]
[Source "ChessBase"]
[SourceDate "2002.11.25"]
[SourceVersion "1"]
[SourceVersionDate "2002.11.25"]
[SourceQuality "1"]

1. e4 e5 2. Nf3 Nc6 3. d4 exd4 4. Bc4 Nf6 5. Ng5 Ne5 6. Bb3 h6 7. f4 hxg5 8. fxe5 Nxe4 9. Bxf7+ Kxf7 10. Qf3+ Kg8 11. Qxe4 Rh4 12. Qd5+ Kh8 13. 0-0 Be7 14. Nd2 Qg8 15. Qf3 Qe6 16. g3 Rh6 17. Nb3 Qxe5 18. Bd2 d5 19. Rae1 Qd6 20. Nxd4 Bh3 21. Nf5 Bxf5 22. Qxf5 Rf8 23. Qd3 Rxf1+ 24. Rxf1 Rf6 25. Re1 Re6 26. Rf1 Rf6 1/2-1/2

[Event "FRA-ch op Principal"]
[Site "Le Perreux"]
[Date "1994.??.??"]
[Round "5"]
[White "Saint Denis, Pierre Olivier"]
[Black "Pallandre, Fabrice"]
[Result "1-0"]
[WhiteElo "1830"]
[BlackElo "1700"]
[PlyCount "47"]
[EventDate "1994.??.??"]
[EventType "swiss"]
[EventRounds "7"]
[EventCountry "FRA"]
[SourceTitle "EXT 2004"]
[Source "ChessBase"]
[SourceDate "2003.11.25"]
[SourceVersion "1"]
[SourceVersionDate "2003.11.25"]
[SourceQuality "1"]

1. e4 e6 2. d4 d5 3. exd5 exd5 4. c4 dxc4 5. Bxc4 Nf6 6. Nf3 Bb4+ 7. Nc3 0-0 8. 0-0 Bg4 9. Bg5 Be7 10. Qd3 Bxf3 11. Qxf3 c6 12. Rad1 Nbd7 13. Rfe1 Nb6 14. Bb3 Qc7 15. d5 Nfxd5 16. Nxd5 Nxd5 17. Rxd5 cxd5 18. Rxe7 Qc6 19. Bxd5 Qg6 20. h4 h6 21. Be3 Qb1+ 22. Kh2 Qg6 23. Rxb7 Rad8 24. Bc5 1-0